<?xml version="1.0" encoding="UTF-8"?><marc:collection xmlns:marc="http://www.loc.gov/MARC21/slim">
  <marc:record>
    <marc:leader>00000nam  2200000za 4500</marc:leader>
    <marc:controlfield tag="001">9.856424</marc:controlfield>
    <marc:controlfield tag="003">CaOODSP</marc:controlfield>
    <marc:controlfield tag="005">20240607110318</marc:controlfield>
    <marc:controlfield tag="007">cr |||||||||||</marc:controlfield>
    <marc:controlfield tag="008">180510s2018    onca    o    f000 0 eng d</marc:controlfield>
    <marc:datafield tag="020" ind1=" " ind2=" ">
      <marc:subfield code="a">9780660265520</marc:subfield>
      <marc:subfield code="z">9780660265537</marc:subfield>
    </marc:datafield>
    <marc:datafield tag="040" ind1=" " ind2=" ">
      <marc:subfield code="a">CaOODSP</marc:subfield>
      <marc:subfield code="b">eng</marc:subfield>
    </marc:datafield>
    <marc:datafield tag="043" ind1=" " ind2=" ">
      <marc:subfield code="a">n-cn---</marc:subfield>
    </marc:datafield>
    <marc:datafield tag="086" ind1="1" ind2=" ">
      <marc:subfield code="a">PS4-239/2018E-PDF</marc:subfield>
      <marc:subfield code="z">PS4-239/2018E</marc:subfield>
    </marc:datafield>
    <marc:datafield tag="110" ind1="1" ind2=" ">
      <marc:subfield code="a">Canada. </marc:subfield>
      <marc:subfield code="b">Public Safety Canada.</marc:subfield>
    </marc:datafield>
    <marc:datafield tag="245" ind1="1" ind2="0">
      <marc:subfield code="a">National cyber security strategy </marc:subfield>
      <marc:subfield code="h">[electronic resource] : </marc:subfield>
      <marc:subfield code="b">Canada’s vision for security and prosperity in the digital age.</marc:subfield>
    </marc:datafield>
    <marc:datafield tag="246" ind1="3" ind2="0">
      <marc:subfield code="a">Canada’s vision for security and prosperity in the digital age</marc:subfield>
    </marc:datafield>
    <marc:datafield tag="260" ind1=" " ind2=" ">
      <marc:subfield code="a">[Ottawa] : </marc:subfield>
      <marc:subfield code="b">Public Safety Canada, </marc:subfield>
      <marc:subfield code="c">c2018.</marc:subfield>
    </marc:datafield>
    <marc:datafield tag="300" ind1=" " ind2=" ">
      <marc:subfield code="a">iii, 35 p. : </marc:subfield>
      <marc:subfield code="b">col. ill.</marc:subfield>
    </marc:datafield>
    <marc:datafield tag="500" ind1=" " ind2=" ">
      <marc:subfield code="a">Issued also in French under title: Stratégie nationale de cybersécurité : vision du Canada pour la sécurité et la prospérité dans l’ère numérique.</marc:subfield>
    </marc:datafield>
    <marc:datafield tag="500" ind1=" " ind2=" ">
      <marc:subfield code="a">Cover title.</marc:subfield>
    </marc:datafield>
    <marc:datafield tag="500" ind1=" " ind2=" ">
      <marc:subfield code="a">The catalogue number (PS4-239/2018E) and ISBN (978-0-660-26553-7) for the print edition have been copied in this electronic publication.</marc:subfield>
    </marc:datafield>
    <marc:datafield tag="520" ind1=" " ind2=" ">
      <marc:subfield code="a">"Strong cyber security is an essential element of Canadian innovation and prosperity. Individuals, governments, and businesses all want to have confidence in the cyber systems that underpin their daily lives. The scope of this Strategy starts with the work that the Government of Canada is already undertaking. This includes ongoing and future efforts to protect Government of Canada systems, to extend our network of partnerships to help protect critical infrastructure, and to help Canadians to be safe online. In a more diverse and dynamic global cyber security landscape, however, Canada’s new approach will be more extensive and inclusive. This document outlines the key elements of the global cyber security environment and articulates some of the ways that the Government of Canada will respond to an array of new challenges and opportunities in cyberspace"--Executive summary, p. 2, 4.</marc:subfield>
    </marc:datafield>
    <marc:datafield tag="530" ind1=" " ind2=" ">
      <marc:subfield code="a">Issued also in print format.</marc:subfield>
    </marc:datafield>
    <marc:datafield tag="692" ind1="0" ind2="7">
      <marc:subfield code="2">gccst</marc:subfield>
      <marc:subfield code="a">Computer security</marc:subfield>
    </marc:datafield>
    <marc:datafield tag="692" ind1="0" ind2="7">
      <marc:subfield code="2">gccst</marc:subfield>
      <marc:subfield code="a">Computer crime</marc:subfield>
    </marc:datafield>
    <marc:datafield tag="692" ind1="0" ind2="7">
      <marc:subfield code="2">gccst</marc:subfield>
      <marc:subfield code="a">Prevention</marc:subfield>
    </marc:datafield>
    <marc:datafield tag="692" ind1="0" ind2="7">
      <marc:subfield code="2">gccst</marc:subfield>
      <marc:subfield code="a">Government policy</marc:subfield>
    </marc:datafield>
    <marc:datafield tag="775" ind1="0" ind2="8">
      <marc:subfield code="t">Stratégie nationale de cybersécurité </marc:subfield>
      <marc:subfield code="w">(CaOODSP)9.856431</marc:subfield>
    </marc:datafield>
    <marc:datafield tag="776" ind1="0" ind2="#">
      <marc:subfield code="t">National cyber security strategy : </marc:subfield>
      <marc:subfield code="w">(CaOODSP)9.856425</marc:subfield>
    </marc:datafield>
    <marc:datafield tag="794" ind1=" " ind2=" ">
      <marc:subfield code="t">Canada's national cyber security strategy : </marc:subfield>
      <marc:subfield code="w">(CaOODSP)9.939119</marc:subfield>
    </marc:datafield>
    <marc:datafield tag="856" ind1="4" ind2="0">
      <marc:subfield code="q">PDF</marc:subfield>
      <marc:subfield code="s">566 KB</marc:subfield>
      <marc:subfield code="u">https://publications.gc.ca/collections/collection_2018/sp-ps/PS4-239-2018-eng.pdf</marc:subfield>
    </marc:datafield>
  </marc:record>
</marc:collection>
